Central Library OPAC University of Rajshahi

The economics of nuclear power / (Record no. 3970)

MARC details
000 -LEADER
fixed length control field 00751cam a22002771 4500
001 - CONTROL NUMBER
control field 3970
003 - CONTROL NUMBER IDENTIFIER
rucl marc code BD-RjUL
005 - DATE AND TIME OF LATEST TRANSACTION
control field 20211208233818.0
008 - FIXED-LENGTH DATA ELEMENTS--GENERAL INFORMATION
fixed length control field 131221s1965 xx 001 0 eng
035 ## - SYSTEM CONTROL NUMBER
System control number (BD-RjUL)4004
System control number (OCoLC)3119080
040 ## - CATALOGING SOURCE
Original cataloging agency DLC
Transcribing agency OC
Modifying agency Uk
-- DLC
Language of cataloging eng
041 ## - LANGUAGE CODE
Language code of text/sound track or separate title eng
082 ## - DEWEY DECIMAL CLASSIFICATION NUMBER
Edition number 16
Classification number 338.4762148
Author mark and year HAE 1965
100 1# - MAIN ENTRY--PERSONAL NAME
Personal name Hasson, J. A.
9 (RLIN) 12642
245 14 - TITLE STATEMENT
Title The economics of nuclear power /
Statement of responsibility, etc. J. A. Hasson.
260 ## - PUBLICATION, DISTRIBUTION, ETC. (IMPRINT)
Place of publication, distribution, etc. London :
Name of publisher, distributor, etc. Longmans,
Date of publication, distribution, etc. 1965
300 ## - PHYSICAL DESCRIPTION
Pagination viii, 160 p.
Size 23 cm.
526 ## - STUDY PROGRAM INFORMATION NOTE
Requested Dept. Economics
650 #0 - SUBJECT ADDED ENTRY--TOPICAL TERM
Topical term or geographic name as entry element Nuclear industry.
9 (RLIN) 12643
Topical term or geographic name as entry element Nuclear energy
General subdivision Economic aspects.
9 (RLIN) 12644
942 ## - ADDED ENTRY ELEMENTS (KOHA)
Source of classification or shelving scheme Dewey Decimal Classification
Koha item type Books
Holdings
Lost status Source of classification or shelving scheme Damaged status Not for loan Collection code Permanent Location Current Location Shelving location Date acquired Source of acquisition Cost, normal purchase price Total Checkouts Full call number Date last seen Copy number Koha item type
  Dewey Decimal Classification   Not For Loan Non-fiction Central Library, University of Rajshahi Central Library, University of Rajshahi Reading Room 01/12/1968 Zeitlinger 35.00   338.4762148 HAE 1965 21/12/2013 C-1 Books
  Dewey Decimal Classification     Non-fiction Central Library, University of Rajshahi Central Library, University of Rajshahi   02/12/1968 zeitlinger 35.00   338.4762148 HAE 1965 23/07/2016 C-2 Books